00326cam a22000977a 4500008004000000020001800040245010300058260002400161300001000185700003300195180718b2017 xxu||||| |||| 00| 0 eng d a9789384082949 aDemocracy in India : current debates and emerging challengescedited by Lancy Lobo and Jayesh Shah aDelhibPromusc2017 a197p. aLobo, Lancy and Shah, Jayesh